00686nam a22002057a 450000500170000001000130001702000260003002000230005603500130007903700280009208200150012010000100013524500620014526000460020727000640025330000280031749000710034565000470041670000170046320111201103240.0 aB-444792 a9780195642681c325.00 a0195642686c325.00 aB-444792 bOxford Univesity Press  a305.800954 d1951- aThe concept of race in South Asia /cedited by Peter Robb aNew Delhi bOxford University Pressc2011 aYMCA Library Building, Jai Singh Road, bNew Delhi e110001 aix, 354p. c24cm (pbk)  aSOAS Studies On South Asia understandings and perspectives series  aEducationzIndia xSocial aspectsxHistory a Robb, Peter